Statistics for Crazy NBA Records

Click here to take the quiz!

General Stats

  • This quiz has been taken 38 times
  • The average score is 3 of 7

Answer Stats

QuestionAnswer% Correct
Last and probably least Most points in a game100
91%
Most assists in a game30
75%
Most rebounds in a game55
69%
Most blocks in a game17
44%
Most missed shots in a game26
31%
Most shot attempts in a game50
13%
Which is the number for most fouls in a game7
6%

Score Distribution

Percentile by Number Answered

Percent of People with Each Score

Your Score History

You have not taken this quiz